<?xml version="1.0" encoding="UTF-8"?>
<marc:record xmlns:marc="http://www.loc.gov/MARC21/slim">
   <marc:leader>00000nam a2200000 a 4500</marc:leader>
   <marc:datafield ind1="0" ind2="0" tag="245">
      <marc:subfield code="a">Das Buch Deuteronomium</marc:subfield>
   </marc:datafield>
   <marc:datafield ind1="0" ind2="0" tag="245">
      <marc:subfield code="b">Die Bücher der Geschichte des Volkes Gottes: Das Buch Josua - Das Buch der Richter - Das Buch Rutt - Das erste Buch Samuel - Das zweite Buch Samuel - Das erste Buch der Könige - Das zweite Buch der Könige - Das erste Buch der Chronik</marc:subfield>
   </marc:datafield>
   <marc:datafield ind1="0" ind2=" " tag="490">
      <marc:subfield code="v">Band 2.</marc:subfield>
   </marc:datafield>
   <marc:datafield ind1=" " ind2=" " tag="300">
      <marc:subfield code="a">417 - 900  S., zahlr. Ill.</marc:subfield>
   </marc:datafield>
</marc:record>
